000 00571nam a2200193Ia 4500
003 GCL
008 140319s9999 xx 000 0 ara d
040 _aGCL /
_cGCL
082 0 4 _a250
_bا ب
100 1 _aالازهر الشريف
245 1 0 _aبيان للناس من الازهر الشريف /
_cالازهر الشريف
260 _a[S.N] :
_bمطبعة المصحف الشريف ،
_c1984
300 _a308 ص
490 _a
650 0 4 _aالاسلام
650 0 4 _aالفقه الاسلامى
650 0 4 _aالازهر (جامع)
942 _2ddc
_cBK
999 _c35353
_d35353